000 00300nam a22001337a 4500
008 170823b xxu||||| |||| 00| 0 eng d
020 _a0136048501
041 _aeng
080 _22ND
_a51
100 _a38
101 _aMAT
245 _aMULTIVARIABLE MATHEMATICS
_cWILLIAMSON,R.E
942 _2udc
_cBK
999 _c24694
_d24694